Statistics for Guess the language! Multiple Choice Quiz

Click here to take the quiz!

General Stats

  • This quiz has been taken 70 times
  • The average score is 7 of 10

Answer Stats

Question Answer % Correct
.الحج في الإسلام هو حج المسلمين إلى مدينة مكة في موسم محدد من كل عام، وله شعائر معينة تسمى مناسك الحجArabic
95%
Güllaç, mısır nişastası, gül suyu, süt ve şeker ile hazırlanan geleneksel tatlısı.Turkish
88%
Nón lá che nắng che mưa cho người lao động ngoài đồng ruộng.Vietnamese
83%
Jarðvarmavirkjun er gufuaflsvirkjun sem nýtir jarðhita frá háhitasvæði til raforkuframleiðslu og hitunar á neysluvatni.Icelandic
82%
Vinho é, genericamente, uma bebida alcoólica produzida por fermentação do sumo de uva.Portuguese
78%
Ćevapčići ili ćevapi su jelo napravljeno od mlevenog mesa, oblikovano u male valjke i ispečeno na roštilju.Serbo-Croatian
78%
Die leeu is 'n soogdier van die familie Felidae en een van die vier "groot katte" in die genus Panthera.Afrikaans
65%
富士山 は、静岡県 と、山梨県 に跨る活火山である.Japanese
48%
La vorto "mondo" signifas la tuton de ekzistaĵoj: la universo, la tero, la homaro aŭ simile.Esperanto
45%
კავკასია — ვრცელი ბუნებრივი რეგიონი შავ, კასპიის და აზოვის ზღვებს შორის.Georgian
42%

Score Distribution

Percentile by Number Answered

Percent of People with Each Score

Your Score History

You have not taken this quiz